000 00521cam a2200193ua 4500
001 457
005 20260515113152.0
008 110406n ii |||gr||||Z||||||eng
040 _cMAIN
082 _a327.09041
245 1 _aInternational relationas since 1919
_cby Madan Gopal Gupta
250 _a3rd.
260 _aAllahabad:
_bChaitanya ,968.
300 _aviii, 646p.:
_c45cm.
653 _aPolitical relations
653 _aInternational relations since 1919
700 _aGupta, Madan Gopal.,
_eAuthor.
942 _cBK
999 _c400
_d400